000 00550nam a2200169 i 4500
001 29681
003 ES-MaACL
005 20230906154055.0
007 t|
008 030122s1969 sp ||||1| spa d
100 1 _aBarrera y Leirado, Cayetano Alberto de la.
_925934
245 1 0 _aCatálogo bibliográfico y biográfico del teatro antiguo español... /
_cpor Cayetano Alberto de la Barrera y Leirado.
260 _aMadrid :
_bGredos,
_c[1969]
300 _aXIV, 724 p. ;
_c27 cm.
500 _aReprod. facs,.
852 _aES-MaACL
_jC-35650
_bR.69070
999 _c29681
_d29681